<?xml version="1.0" encoding="UTF-8"?>
<collection xmlns="http://www.loc.gov/MARC21/slim">
 <record>
  <leader>00476nam a22001575a 4500</leader>
  <controlfield tag="001">EHU.bham015197</controlfield>
  <controlfield tag="003">AR-BHAM</controlfield>
  <controlfield tag="005">20100406201356.0</controlfield>
  <controlfield tag="008">130507s1958##################000#0#####d</controlfield>
  <datafield tag="082" ind1="9" ind2="8">
   <subfield code="a">982.7</subfield>
  </datafield>
  <datafield tag="100" ind1="1" ind2=" ">
   <subfield code="a">Laria, Salvador C.</subfield>
  </datafield>
  <datafield tag="245" ind1="1" ind2="0">
   <subfield code="a">Creacion de la gobernacion de la patagonia /</subfield>
   <subfield code="c">Salvador C. Laria</subfield>
  </datafield>
  <datafield tag="260" ind1=" " ind2=" ">
   <subfield code="a">Mendoza :</subfield>
   <subfield code="b">,</subfield>
   <subfield code="c">1958</subfield>
  </datafield>
  <datafield tag="300" ind1=" " ind2=" ">
   <subfield code="a">10 p.</subfield>
  </datafield>
  <datafield tag="653" ind1=" " ind2=" ">
   <subfield code="a">Historia de argentina-patagonia</subfield>
  </datafield>
  <datafield tag="859" ind1=" " ind2=" ">
   <subfield code="a">AR-BHAM</subfield>
   <subfield code="b">BIB. HUMANIDADES - General</subfield>
   <subfield code="h">982.7</subfield>
   <subfield code="i">L324</subfield>
   <subfield code="p">781.59</subfield>
   <subfield code="t">Ej.1</subfield>
  </datafield>
 </record>
</collection>
